| 000 | 00688nam a22001575i 4500 | ||
|---|---|---|---|
| 001 | 168244 | ||
| 003 | ES-MaACL | ||
| 005 | 20230906213729.0 | ||
| 008 | 010424s1866 sp |||| | spa d | ||
| 040 |
_aLR _bspa _cLR |
||
| 100 | 1 |
_aZubía Icazuriaga, Ildefonso. _9134057 |
|
| 245 | 1 | 0 |
_aMemoria acerca del estado del Instituto de 2ª Enseñanza de Logroño / _cleida por Ildefonso Zubia é Icazuriaga en el acto solemne de la apertura del curso de 1866 á 1867. |
| 260 |
_aLogroño : _b[s.n.], _c1866 ( _fImp. y Lit. de F. Menchaca) |
||
| 300 |
_a16, [8] p., [4] h. pleg. ; _c21 cm. |
||
| 852 |
_aES-MaACL _jT-708-F-4 _z-- Enc. hol., falto de la enc. original _z-- Enc. en un vol. facticio |
||
| 999 |
_c168244 _d168244 |
||